আদিপর্বে বাংলা প্রকাশনা ও সাংবাদিকতা / (Record no. 40038)
[ view plain ]
| 000 -LEADER | |
|---|---|
| fixed length control field | 01048nam a22002537a 4500 |
| 001 - CONTROL NUMBER | |
| control field | 40038 |
| 003 - CONTROL NUMBER IDENTIFIER | |
| rucl marc code | BD-RjUL |
| 005 - DATE AND TIME OF LATEST TRANSACTION | |
| control field | 20211209053125.0 |
| 008 - FIXED-LENGTH DATA ELEMENTS--GENERAL INFORMATION | |
| fixed length control field | 160421s1988 bg ||||| |||| 00| 0 ben d |
| 020 ## - INTERNATIONAL STANDARD BOOK NUMBER | |
| Terms of availability | : Tk. 50.00 |
| 035 ## - SYSTEM CONTROL NUMBER | |
| System control number | (BD-RjUL) 40153 |
| 040 ## - CATALOGING SOURCE | |
| Original cataloging agency | BD-RjUL |
| Language of cataloging | ben |
| Transcribing agency | BD-RjUL |
| 041 ## - LANGUAGE CODE | |
| Language code of text/sound track or separate title | ben |
| 082 ## - DEWEY DECIMAL CLASSIFICATION NUMBER | |
| Edition number | 23 |
| Classification number | 655.154142 |
| Author mark and year | LOA 1988 |
| 100 ## - MAIN ENTRY--PERSONAL NAME | |
| Personal name | লঙ, রেভঃ জেমস |
| 9 (RLIN) | 123307 |
| 245 10 - TITLE STATEMENT | |
| Title | আদিপর্বে বাংলা প্রকাশনা ও সাংবাদিকতা / |
| Statement of responsibility, etc. | রেভঃ জেমস লঙ ; মুহম্মদ হাবীবুর রশিদ অনূদিত |
| 260 ## - PUBLICATION, DISTRIBUTION, ETC. (IMPRINT) | |
| Place of publication, distribution, etc. | ঢাকা : |
| Name of publisher, distributor, etc. | বাংলা একাডেমী, |
| Date of publication, distribution, etc. | ১৯৮৮ |
| 300 ## - PHYSICAL DESCRIPTION | |
| Pagination | [দশ], ১৭৬ পৃ. ; |
| Size | ২১ সেমি. |
| 490 ## - SERIES STATEMENT | |
| Series statement | বাএ |
| Volume/sequential designation | ২০৮৬ |
| 500 ## - GENERAL NOTE | |
| General note | টীকা সংযুক্ত |
| 700 ## - ADDED ENTRY--PERSONAL NAME | |
| Personal name | রশিদ, মুহম্মদ হাবীবুর, অনূবাদক |
| 830 ## - SERIES ADDED ENTRY--UNIFORM TITLE | |
| Uniform title | বাএ |
| Volume number/sequential designation | ২০৮৬ |
| 942 ## - ADDED ENTRY ELEMENTS (KOHA) | |
| Source of classification or shelving scheme | Dewey Decimal Classification |
| Koha item type | Books |
| Lost status | Source of classification or shelving scheme | Damaged status | Not for loan | Collection code | Permanent Location | Current Location | Shelving location | Date acquired | Source of acquisition | Cost, normal purchase price | Total Checkouts | Full call number | Date last seen | Copy number | Koha item type |
|---|---|---|---|---|---|---|---|---|---|---|---|---|---|---|---|
| Dewey Decimal Classification | Non-fiction | Central Library, University of Rajshahi | Central Library, University of Rajshahi | 24/03/1991 | Bangla Academy, Dhaka | 50.00 | B 655.154142 LOA 1988 | 21/04/2016 | C-2 | Books | |||||
| Dewey Decimal Classification | Not For Loan | Non-fiction | Central Library, University of Rajshahi | Central Library, University of Rajshahi | Rare Book Section | 01/07/1990 | Bangla Academy, Dhaka | 50.00 | B 655.154142 LOA 1988 | 23/01/2017 | C-1 | Books |